| 000 | 00782nam a2200229Ia 4500 | ||
|---|---|---|---|
| 003 | GCL | ||
| 008 | 140319s9999 xx 000 0 ara d | ||
| 040 |
_aGCL / _cGCL |
||
| 082 | 0 | 4 |
_a268 _bع ا |
| 100 | 1 | _aمحمد احمد حسب الله | |
| 245 | 1 | 0 |
_aايقاظ الهمم فى شرح الحكم / _cمحمد احمد حسب الله |
| 700 | 1 | _aابن عجيبة الفاسى : احمد بن محمد بن عجيبة الحسنى | |
| 260 |
_a[S.N] : _bدار المعارف ، _c1985 |
||
| 300 | _a653 | ||
| 490 |
_aذخائر العرب _v0 |
||
| 650 | 0 | 4 | _aالاسلام |
| 650 | 0 | 4 | _aالتصوف الاسلامى |
| 650 | 0 | 4 | _aالحياة الروحية |
| 650 | 0 | 4 | _aنظريات الطرق الصوفية |
| 650 | 0 | 4 | _aمدرسة مصر |
| 942 |
_2ddc _cBK |
||
| 999 |
_c28984 _d28984 |
||